Guía de la flora medicinal: tóxica, aromática y condimenticia
Uloženo v:
| Hlavní autor: | |
|---|---|
| Médium: | Kniha |
| Jazyk: | španělština |
| Vydáno: |
Barcelona
Aedos
1995
|
| Témata: | |
| Tagy: |
Přidat tag
Žádné tagy, Buďte první, kdo vytvoří štítek k tomuto záznamu!
|
MARC
| LEADER | 00000nam a2200000 a 4500 | ||
|---|---|---|---|
| 001 | UCL7278 | ||
| 003 | CL-VaPUC | ||
| 008 | 040514e19950000SP |||||||||||||||||spa|d | ||
| 020 | |a 8470033409 | ||
| 082 | 0 | 4 | |a 633.88 |b JUS |2 21 |
| 100 | |a Juscafresa, Baudilio |e author |9 485173 | ||
| 245 | 1 | 0 | |a Guía de la flora medicinal: tóxica, aromática y condimenticia |
| 300 | |a 542 p | ||
| 942 | |c BK | ||
| 945 | |d 20040514 00:00:00 |a cmena | ||
| 260 | |a Barcelona |b Aedos |c 1995 | ||
| 650 | 0 | |a Plantas medicinales |9 334373 | |
| 650 | 7 | |a PROPIEDADES TERAPEUTICAS |2 CL-VaPUC |9 485174 | |
| 650 | 7 | |a BOTANICA MEDICA |2 CL-VaPUC |9 264813 | |
| 583 | |a last modification |c 20040514 00:00:00 |k Rodrigo Vera | ||
| 999 | |c 309124 |d 309122 | ||
| 952 | |0 0 |1 0 |4 0 |6 633_880000000000000_JUS_1995 |7 0 |8 A |9 376438 |a BIBCUR |b BIBCUR |d 2019-11-21 |i 2111497 |o 633.88 JUS 1995 |p 2111497 |r 2025-04-22 |w 2019-11-21 |y BK |k BCB | ||